000 00483nam a2200181Ia 4500
005 20250317131037.0
008 008 250317s9999 xx 000 0 eng d
037 _aTextbook
040 _aFMSL
_beng
_cFMSL
041 _aeng
_2eng
084 _qFMSL
100 _aSingh S
245 0 _aPerformance Budgeting for commercial Banks in India
260 _aMacmillan
_bMacmillan, Co. of India
_c1977
300 _a199p
942 _cTB
999 _c1266430
_d1266430